Descripción en la solemnidad fúnebre con que se honraron las cenizas del héroe de Iguala, Don Agustín de Iturbide, en octubre de 1838 / la escribió por orden del Gobierno Don José Ramón Pacheco, y se publica por disposición del Exmo. Sr. Presidente, General D. José Joaquín Terrera

Detalles Bibliográficos
Autor principal: Pacheco, José Ramón, 1805-1865
Otros Autores: Terrera, José Joaquín
Formato: Libro
Lenguaje:Spanish
Publicado: México : imprenta de I. Cumplido, 1849.
Materias:
Colección:Banco de datos
Acervo:Universidad Autónoma Benito Juárez de Oaxaca. Biblioteca Francisco de Burgoa. Colección histórica
Descripción Física:66 p. : il. ; 28 cm.
Tema general:Homilética
Notas:Portada tipográfica con orla y viñetas. Texto a renglón seguido con paginación en números arábigos y signaturas. Incluye retrato de Agustín de Iturbide. Incluye ilustraciones. Encuadernación en cartón con lomo en piel (13119)
LEADER 01220nam a22002050004500
035 |a 1778 
041 0 |a spa 
100 1 |a Pacheco, José Ramón, 1805-1865 
245 1 0 |a Descripción en la solemnidad fúnebre con que se honraron las cenizas del héroe de Iguala, Don Agustín de Iturbide, en octubre de 1838 / la escribió por orden del Gobierno Don José Ramón Pacheco, y se publica por disposición del Exmo. Sr. Presidente, General D. José Joaquín Terrera 
260 |a México : imprenta de I. Cumplido, 1849. 
300 |a 66 p. : il. ; 28 cm. 
500 |a Portada tipográfica con orla y viñetas. Texto a renglón seguido con paginación en números arábigos y signaturas. Incluye retrato de Agustín de Iturbide. Incluye ilustraciones. Encuadernación en cartón con lomo en piel (13119) 
501 |a 4 obras 
600 1 4 |a Iturbide, Agustín de, 1783-1824 
650 1 0 |a Homilética 
700 1 |a Terrera, José Joaquín 
852 |a Universidad Autónoma "Benito Juárez" de Oaxaca, Biblioteca Francisco de Burgoa, Colección histórica 13119, 24097-B 
942 |c BURHIS 
943 |g Universidad Autónoma Benito Juárez de Oaxaca. Biblioteca Francisco de Burgoa. Colección histórica 
999 |c 1120280  |d 1120280